Northern group conference, Harrogate 1988 (Record no. 92621)

MARC details
000 -LEADER
fixed length control field 00818cam a2200205 4500
001 - CONTROL NUMBER
control field B2418
008 - FIXED-LENGTH DATA ELEMENTS--GENERAL INFORMATION
fixed length control field 090401t1988 xxu||||| |||| 00| 0 eng d
035 ## - SYSTEM CONTROL NUMBER
System control number (Sirsi) u49923
041 ## - LANGUAGE CODE
Language code of text/sound track or separate title eng
050 ## - LIBRARY OF CONGRESS CALL NUMBER
Classification number 338.181
-- 18
110 ## - MAIN ENTRY--CORPORATE NAME
Corporate name or jurisdiction name as entry element Central Association of Agricultural Valuers
245 ## - TITLE STATEMENT
Title Northern group conference, Harrogate 1988
Remainder of title milk quota - which cat gets the cream?
260 ## - PUBLICATION, DISTRIBUTION, ETC.
Place of publication, distribution, etc. Retford
Name of publisher, distributor, etc. Yorkshire Derbyshire and Notts Association
Date of publication, distribution, etc. 1988
300 ## - PHYSICAL DESCRIPTION
Extent ca. 50
Type of unit leaves
Other physical details ill., plans
Dimensions 30cm.
350 ## - PRICE (NR) (BK AM CF MU VM SE) [OBSOLETE]
Price 15
520 ## - SUMMARY, ETC.
Summary, etc. Presents a model case for an arbitration dealing with the apportionment of milk quota between a landlord and a tenant. Includes a mock arbitration award based on the evidence presented.
690 ## - LOCAL SUBJECT ADDED ENTRY--TOPICAL TERM (OCLC, RLIN)
Topical term or geographic name as entry element ENVIRONMENTAL AND LAND CONSULTANCY-AGRIBUSINESS
942 ## - ADDED ENTRY ELEMENTS (KOHA)
Suppress in OPAC 0
948 ## - LOCAL PROCESSING INFORMATION (OCLC); SERIES PART DESIGNATOR (RLIN)
c (OCLC) 04/03/1997
Holdings
Withdrawn status Lost status Source of classification or shelving scheme Damaged status Not for loan Home library Current library Shelving location Date acquired Cost, normal purchase price Total Checkouts Full call number Barcode Date last seen Copy number Cost, replacement price Price effective from Koha item type
    Dewey Decimal Classification     London London Basement 14/09/1999 15.00   SHELF 202 30003687 06/08/2019 1 15.00 06/08/2019 Book